Analýza vývoja nominálnych a reálnych miezd v SR bakalárska práca

Saved in:
Bibliographic Details
Main Author: Šišková, Jana
Corporate Author: Fakulta hospodárskej informatiky EU. Katedra štatistiky
Other Authors: Hrnčiarová, Ľubica
Format: Book
Language:Slovak
Published: Bratislava 2009
Tags: Add Tag
No Tags, Be the first to tag this record!

MARC

LEADER 00000nam$a2200000$$$4500
001 0104063
005 20240319125118.7
041 0 |a slo 
044 |a SK 
245 1 0 |a Analýza vývoja nominálnych a reálnych miezd v SR  |b bakalárska práca  |c Jana Šišková ; škol. Ľubica Hrnčiarová 
264 1 |a Bratislava  |c 2009 
300 |a 29 s. 
100 1 |a Šišková, Jana 
700 1 |a Hrnčiarová, Ľubica 
710 2 |a Fakulta hospodárskej informatiky EU. Katedra štatistiky